Communist Countries in 2012 - Statistics

General Stats
  • This quiz has been taken 2,110 times
  • The average score is 4 of 5
Answer Stats
Population Answer % Correct
1,338,300,000 China
96%
11,258,000 Cuba
84%
24,346,000 North Korea
83%
86,928,000 Vietnam
70%
6,201,000 Laos
51%
No matching quizzes found
Score Distribution
Percent of People with Each Score
Percentile by Number Answered
Your Score History
You have not taken this quiz